Places To Study
There are group study rooms, individual study carrels, computer labs, and other spaces to study in the Libraries.
Reserve A Group Room| 000 -LEADER | |
|---|---|
| fixed length control field | 01200nam a22002057a 4500 |
| 003 - CONTROL NUMBER IDENTIFIER | |
| control field | OSt |
| 005 - DATE AND TIME OF LATEST TRANSACTION | |
| control field | 20251117143142.0 |
| 008 - FIXED-LENGTH DATA ELEMENTS--GENERAL INFORMATION | |
| fixed length control field | 251117b |||||||| |||| 00| 0 eng d |
| 040 ## - CATALOGING SOURCE | |
| Transcribing agency | DCL |
| 082 ## - DEWEY DECIMAL CLASSIFICATION NUMBER | |
| Classification number | ၂၉၄.၃၈၂၃၅၃ |
| 130 ## - MAIN ENTRY--UNIFORM TITLE | |
| Uniform title | တိပိဋက။ |
| Name of part/section of a work | သုတ္တန္တပိဋက။ |
| -- | ခုဒ္ဒကနိကာယ။ |
| Title of a work | ဇာတက၊ |
| Language of a work | အဋ္ဌကထာ၊ |
| Version | နိဿယ။ |
| 245 ## - TITLE STATEMENT | |
| Title | ဇာတကအဋ္ဌကထာနိဿယ (အသီတိနိပါတ်)၊ |
| Number of part/section of a work | နဝမတွဲ / |
| Statement of responsibility, etc. | ဘဒ္ဒန္တကေသရ နှင့် အရှင်ပညာနန္ဒ။ |
| 264 ## - PRODUCTION, PUBLICATION, DISTRIBUTION, MANUFACTURE, AND COPYRIGHT NOTICE | |
| Place of production, publication, distribution, manufacture | မန္တလေး ၊ |
| Name of producer, publisher, distributor, manufacturer | နိုင်ငံတော်ပရိယတ္တိသာသနာ့တက္ကသိုလ်၊ |
| Date of production, publication, distribution, manufacture, or copyright notice | ၂၀၁၅။ |
| 300 ## - PHYSICAL DESCRIPTION | |
| Extent | ဈ၊ ၅၉၇ စာမျက်နှာ ၊ |
| Dimensions | ၂၆ စင်တီ။ |
| 650 ## - SUBJECT ADDED ENTRY--TOPICAL TERM | |
| Topical term or geographic name entry element | ဇာတက |
| Form subdivision | အဋ္ဌကထာနိဿယ။ |
| 650 ## - SUBJECT ADDED ENTRY--TOPICAL TERM | |
| Topical term or geographic name entry element | အသီတိနိပါတ် |
| General subdivision | အဋ္ဌကထာနိဿယ။ |
| 700 ## - ADDED ENTRY--PERSONAL NAME | |
| Personal name | ကေသရ၊ ဘဒ္ဒန္တ |
| 700 ## - ADDED ENTRY--PERSONAL NAME | |
| Personal name | ပညာနန္ဒ၊ အရှင် |
| 942 ## - ADDED ENTRY ELEMENTS (KOHA) | |
| Source of classification or shelving scheme | Dewey Decimal Classification |
| Koha item type | Short Term |
| Suppress in OPAC | No |
| Withdrawn status | Lost status | Source of classification or shelving scheme | Damaged status | Not for loan | Collection | Accession No. | Home library | Current library | Shelving location | Date acquired | Total checkouts | Full call number | Barcode | Date last seen | Price effective from | Koha item type |
|---|---|---|---|---|---|---|---|---|---|---|---|---|---|---|---|---|
| Dewey Decimal Classification | Myanmar Pitaka Collection | ၁၃၃၈ | Dhammadhara | Dhammadhara | Myanmar Pitaka Shelves | 17/11/2025 | ၂၉၄.၃၈၂၃၅၃ ခုဒ္ဒ ၁၃၃၈ | MB00001338 | 17/11/2025 | 17/11/2025 | Short Term |